Políticas de amistad: seguido de El oído de Heidegger
Guardat en:
| Autor principal: | |
|---|---|
| Format: | Llibre |
| Idioma: | espanyol |
| Publicat: |
Madrid
Editorial Trotta
1998
|
| Edició: | 1a. ed |
| Col·lecció: | Colección Estructuras y Procesos. Serie Filosofía
|
| Matèries: | |
| Etiquetes: |
Afegir etiqueta
Sense etiquetes, Sigues el primer a etiquetar aquest registre!
|
MARC
| LEADER | 00000cam a2200000 a 4500 | ||
|---|---|---|---|
| 001 | UCC2897 | ||
| 003 | CL-VaPUC | ||
| 008 | 180323e19980000sp |||||||||||||||||spa|d | ||
| 020 | |a 9788481642346 | ||
| 082 | 0 | 4 | |a 177 |b DER |2 21 |
| 100 | |a Derrida, Jacques |d 1930-2004 |e author |9 449254 | ||
| 245 | 1 | 0 | |a Políticas de amistad: seguido de El oído de Heidegger |
| 250 | |a 1a. ed | ||
| 300 | |a 413 p | ||
| 942 | |c BK | ||
| 945 | |d 20180323 15:33:00 |a arojas | ||
| 260 | |a Madrid |b Editorial Trotta |c 1998 | ||
| 650 | 0 | |a Etica social |9 267623 | |
| 650 | 0 | |a Relaciones sociales |9 376480 | |
| 650 | 0 | |a Amistad |9 307341 | |
| 650 | 7 | |a FILOSOFIA POLITICA |2 CL-VaPUC |9 596900 | |
| 583 | |a last modification |c 20180323 15:33:00 |k Rodrigo Vera | ||
| 490 | 0 | |a Colección Estructuras y Procesos. Serie Filosofía | |
| 999 | |c 370807 |d 370805 | ||
| 952 | |0 0 |1 0 |3 erb |4 0 |6 177_000000000000000_DER_1998 |7 0 |8 A |9 487459 |a BIBEDU |b BIBEDU |i 5457602 |l 1 |o 177 DER 1998 |p 5457602 |r 2023-07-05 |s 2023-07-05 |w 2019-11-24 |y BK |z Catalogado en:20180323 |k FIL | ||